00712nam a2200229 a 450000100060000000300080000600500170001400800410003103500190007204000320009104100080012308200260013110000210015724501420017825000110032026000330033130000230036450400300038765000250041765000200044270000200046275670BD-RjUL20211209082726.0190514s1971 nyu bs 001 0 eng  a(BD-RjUL)75888 aDLCcDLCdDLCdBD-RjULbeng aeng00223a658.152bBIC 19711 aBierman, Harold.14aThe capital budgeting decision :beconomic analysis and financing of investment projects /c[by] Harold Bierman, Jr. [and] Seymour Smidt. a3d ed. aNew York :bMacmillan,c1971 ax, 482 p.;c25 cm. aBibliography: p. 359-366. 0aCapital investments. 0aCapital budget.1 aSmidt, Seymour,